Sports Quiz

Random Sports or NBA Quiz

NBA Team Trios Quiz Stats

 Plays Quiz Updated Feb 1, 2018

Also try: NFL Team Trios
Challenge
Share
Tweet
Embed
Score 0/12 Timer 01:30
0 Plays Today
% Correct
Cavaliers
83.8%
Heat
81.2%
Celtics
80.1%
Hornets
78.4%
Pelicans
75%
Timberwolves
74.2%
Pacers
73.4%
Clippers
69.4%
Pistons
68.1%
Thunder
65.5%
Hawks
64%
Trail Blazers
56.1%

You're not logged in!

Compare scores with friends on all Sporcle quizzes.
OR
Log In

You Might Also Like...

Show Comments

Extras

Top Quizzes Today


Score Distribution

Your Account Isn't Verified!

In order to create a playlist on Sporcle, you need to verify the email address you used during registration. Go to your Sporcle Settings to finish the process.

Report this User

Report this user for behavior that violates our Community Guidelines.

Details: